000 01533cam a22003977a 4500
003 CHAP
005 20220329142154.0
008 000127d1999 mx r 00110 spa d
010 _a79542
011 _a80514
035 _a90965
040 _cCHAP
090 _aTesis
100 0 0 _aRamírez Rivera, Efrén.
_994220
245 1 0 _aEvaluación de tácticas para el combate de mosquita blanca Bemisia tabaci Genn. y Trialeurodes vaporaiorum West. en tomate Lycopersicon esculentum Mill. bajo riego en Tlayacapan Morelos, México
_c/por Efrén Ramírez Rivera
260 _aChapingo, Méx. :
_bEl autor,
_c1999.
300 _a56 h.
502 _aTesis (Ing. Agr. Esp. en Parasitología Agrícola) -- UACH. Departamento de Parasitología Agrícola
590 _aALEPH
_b10
_c20130110
_lUCH01
_h1431
590 _aBATCH-UPD
_b10
_c20130110
_lUCH01
_h0253
590 _aBATCH-UPD
_b10
_c20130110
_lUCH01
_h1610
590 _aBATCH-UPD
_b10
_c20130409
_lUCH01
_h2324
590 _aBATCH-UPD
_b10
_c20130914
_lUCH01
_h0600
590 _aCONVERSION
_b10
_c20130109
_lUCH01
_h1344
650 1 4 _aBemisia tabaci.
_911496
650 1 4 _aControl de plagas.
_927595
650 1 4 _aTomate
_xMorelos.
_9113744
650 1 4 _aTomate
_xPlagas.
_9113748
650 1 4 _aTrialeurodes vaporariorum.
_9114900
901 _aBK
905 _aLilia Sánchez G.
942 _cFOLL
949 _bBC
_cTES
_d33724000748364
_eTS2
_fc.2
_h34893
_i90965
_sb
949 _bBC
_cTES
_d33724000754602
_eTS2
_fc.3
_h35337
_i90965
_si
949 _bBC
_cTES
_d909651
_eTS1
_h34892
_i90965
_sb
999 _c79542
_d79542